Zdroje financovania majetku podniku

Zhodnotenie možností financovania majetku podniku z vlastných a cudzích zdrojov a návrh optimálnych zdrojov pre vybraný podnik.

Na minha lista:
Detalhes bibliográficos
Autor principal: Hrinková, Kristína
Outros Autores: Manová, Eva, 1957-
Formato: Capítulo de Livro
Idioma:eslovaco
Assuntos:
Tags: Adicionar Tag
Sem tags, seja o primeiro a adicionar uma tag!

MARC

LEADER 00000nla a2200000 4500
001 0239017
005 20240502073853.5
041 0 |a slo 
044 |a SK 
245 1 0 |a Zdroje financovania majetku podniku  |c Kristína Hrinková 
520 |a Zhodnotenie možností financovania majetku podniku z vlastných a cudzích zdrojov a návrh optimálnych zdrojov pre vybraný podnik. 
610 2 0 |a financovanie podnikov 
610 2 0 |a financovanie vlastné 
610 2 0 |a financovanie cudzie 
610 2 0 |a zdroje finančné 
610 2 0 |a zdroje podnikové 
100 1 |a Hrinková, Kristína 
700 1 |a Manová, Eva, 1957-